=LDR 00000nam 2200000 4500 =001 000940 =005 20250712011232 =035 ##$$a 0010-0725000818 =007 ta =008 250712################a##########0#ind## =020 ##$$a 978-623-307-699-9 =082 ##$$a 398.209 598 =084 ##$$a 398.209 598 SAN s =245 1#$$a Sang Penulis dan Dermawan: Nawab Faizunnesa /$c HerStory Foundation =250 ##$$a Cetakan pertama =260 ##$$a Jakarta :$b Badan pengembangan dan pembinaan bahasa,$c 2022 =300 ##$$a 8 hlm. : $b Ilus. ; $c 22 cm =650 #4$$a Cerita anak Indonesia terjemahan =650 #4$$a Literasi bahan bacaan =110 ##$$a Sang Penulis dan Dermawan: Nawab Faizunnesa/ HerStory Foundation